Cezhraničné zamestnávanie
O zákone č. 351/2015 Z.z. - Zákon o cezhraničnej spolupráci pri vysielaní zamestnancov na výkon prác pri poskytovaní služieb (účinnosť od 18.6.2016). Cieľ zákona a povinnosti, ktoré z neho vyplývajú.
Enregistré dans:
| Auteur principal: | |
|---|---|
| Format: | Chapitre de livre |
| Langue: | slovaque |
| Sujets: | |
| Tags: |
Pas de tags, Soyez le premier à ajouter un tag!
|
MARC
| LEADER | 00000naa a2200000 4500 | ||
|---|---|---|---|
| 001 | 0216318 | ||
| 005 | 20231120135553.9 | ||
| 041 | 0 | |a slo | |
| 044 | |a SK | ||
| 245 | 1 | 0 | |a Cezhraničné zamestnávanie |c Ignác Višňovec |
| 520 | |a O zákone č. 351/2015 Z.z. - Zákon o cezhraničnej spolupráci pri vysielaní zamestnancov na výkon prác pri poskytovaní služieb (účinnosť od 18.6.2016). Cieľ zákona a povinnosti, ktoré z neho vyplývajú. | ||
| 610 | 2 | 0 | |a práca v zahraničí |
| 610 | 2 | 0 | |a Európska únia |
| 610 | 2 | 0 | |a úpravy právne |
| 610 | 2 | 0 | |a povinnosti zamestnávateľov |
| 610 | 2 | 0 | |a administratíva |
| 100 | 1 | |a Višňovec, Ignác | |